| 000 | 00561nam a2200181Ia 4500 | ||
|---|---|---|---|
| 008 | 140626s9999 xx 000 0 und d | ||
| 100 | _aSlotegraaf, Rebecca.. | ||
| 245 |
_aProduct development team stability and new product advantage : _b the role of decision-making processes / _cRebecca Slotegraaf ... [et al.]. |
||
| 260 | _cc2011. | ||
| 300 | _a75 : 1, page 96 | ||
| 440 | _aJournal of Marketing | ||
| 521 | _aBSBA | ||
| 650 | _aDecision making. | ||
| 650 | _aNew product development. | ||
| 650 | _aStability. | ||
| 650 | _aTeams. | ||
| 942 | _cSE | ||
| 999 |
_c121090 _d121090 |
||